000 00694nam a2200289Ia 4500
005 20260324124333.0
008 008 260324s9999 xx 000 0 eng d
020 _a9780203853054
037 _aEBOOK
040 _aCRL
040 _beng
040 _cCRL
041 _2eng
041 _aeng
084 _qCRL
100 _aJan de Houwer; Dirk Hermans
_91173755
245 0 _aCognition and Emotion
245 0 _bReviews of Current Research and Theories
260 _bTaylor and Francis
260 _c2010
365 _a
365 _b180
856 _uhttp://www.taylorfrancis.com/books/9780203853054
942 _cEBOOK
999 _c1768060
_d1768060